000 00675nam a2200289Ia 4500
005 20260324124659.0
008 008 260324s9999 xx 000 0 eng d
020 _a9780203856383
037 _aEBOOK
040 _aCRL
040 _beng
040 _cCRL
041 _2eng
041 _aeng
084 _qCRL
100 _aEvan Fales
_91175093
245 0 _aDivine Intervention
245 0 _bMetaphysical and Epistemological Puzzles
260 _bTaylor and Francis
260 _c2010
365 _a
365 _b255
856 _uhttp://www.taylorfrancis.com/books/9780203856383
942 _cEBOOK
999 _c1769678
_d1769678